Evaluación, ética y poder
Saved in:
| Main Author: | |
|---|---|
| Format: | Book |
| Language: | Spanish |
| Published: |
Madrid
Morata
1994
|
| Series: | Colección Pedagogía. Manuales
|
| Subjects: | |
| Tags: |
Add Tag
No Tags, Be the first to tag this record!
|
MARC
| LEADER | 00000nam a2200000 a 4500 | ||
|---|---|---|---|
| 001 | UCU3008 | ||
| 003 | CL-VaPUC | ||
| 008 | 960502e19940000SP |||||||||||||||||spa|d | ||
| 020 | |a 8471123894 | ||
| 082 | 0 | 4 | |a 371.26 |b HOU |2 21 |
| 100 | 0 | |a House, Ernest R |e author |9 359652 | |
| 245 | 1 | 0 | |a Evaluación, ética y poder |
| 300 | |a 271 p | ||
| 942 | |c BK | ||
| 945 | |d 19960502 00:00:00 |a rbrito | ||
| 260 | |a Madrid |b Morata |c 1994 | ||
| 650 | 0 | |a Ética |9 255099 | |
| 650 | 0 | |a Evaluación de la educación |9 237505 | |
| 650 | 0 | |a Democratización de la educación |9 307986 | |
| 583 | |a last modification |c 19960502 00:00:00 |k Rodrigo Vera | ||
| 490 | 0 | |a Colección Pedagogía. Manuales | |
| 999 | |c 247148 |d 247146 | ||
| 952 | |0 0 |1 0 |2 ddc |4 0 |6 371_260000000000000_HOU_1994 |7 0 |8 A |9 262788 |a BIBEDU |b BIBEDU |d 2019-11-19 |i 3196089 |l 1 |o 371.26 HOU 1994 |p 3196089 |r 2021-12-03 |s 2021-11-04 |w 2019-11-19 |y BK |k EDU | ||
| 952 | |0 0 |1 0 |4 0 |6 371_260000000000000_HOU_1994 |7 0 |8 A |9 262789 |a FDOPOS |b FDOPOS |d 2019-11-19 |i 3228452 |o 371.26 HOU 1994 |p 3228452 |r 2025-01-22 |w 2019-11-19 |y BK |k MLA | ||
| 952 | |0 0 |1 0 |4 0 |6 371_260000000000000_HOU_1994 |7 0 |8 A |9 262790 |a BIBEDU |b BIBEDU |d 2019-11-19 |i 4074610 |l 3 |o 371.26 HOU 1994 |p 4074610 |r 2023-01-16 |s 2022-11-28 |w 2019-11-19 |y BK |k EDU | ||